000 00869nam a22002537a 4500
005 20130528155819.0
008 080826t xxu||||| |||| 00| 0 eng d
010 _aB-506578-579
020 _a9788131703229
_c770.00
035 _aB-506578-579
037 _aKKP/Ven
040 _aDPL
_bEnglish
082 _a541
100 _aEngel, Thomas
245 _aPhysical Chemistry /
_bby Thomas Engel [and] Philip Reid
246 _aPhysical Chemistry
260 _aDelhi
_bPearson Education
_c20?
270 _a7th Floor, Knowledge Boulevard, A-8(A), Sec-62
_bNoida
_e201309
300 _a1061p.
_c27 cm (pbk)
500 _a.
700 _dReid, Philip
942 _2ddc
_cEN
_mENG
_h541
999 _c76098
_d76098